The Analysis of meaning : informatics 5 : proceedings of a conference held by the Aslib Informatics Group and the BCS Information Retrieval Specialist Group, 26-28 March 1979, the Queen's College, Oxford /

Bibliographic Details
Corporate Authors: Aslib. Informatics Group, British Computer Society. Information Retrieval Specialist Group
Other Authors: MacCafferty, Maxine, Gray, Kathleen
Format: Book
Language:English
Published: London : Aslib, [1979]
Subjects:

MARC

Tag First Indicator Second Indicator Subfields
LEADER 00000cam a2200000 a 4500
001 in00000069774
005 20151008055840.0
008 800910s1979 enka b 10000 engm
010 |a  80491812  
015 |a GB*** 
020 |a 0851421253 (pbk.) 
035 |a (OCoLC)06367599 
035 |9 AAJ4546AM 
040 |a DLC  |c DLC  |d m.c.  |d TXA  |d UtOrBLW 
049 |a TXAM  |c [933181] 
050 0 0 |a P325.5.D38  |b A5 
082 0 |a 401/.41  |2 19 
245 0 4 |a The Analysis of meaning :  |b informatics 5 : proceedings of a conference held by the Aslib Informatics Group and the BCS Information Retrieval Specialist Group, 26-28 March 1979, the Queen's College, Oxford /  |c edited by Maxine MacCafferty and Kathleen Gray. 
264 1 |a London :  |b Aslib,  |c [1979] 
264 4 |c ©1979 
300 |a viii, 302 pages :  |b illustrations ;  |c 30 cm. 
336 |a text  |b txt  |2 rdacontent 
337 |a unmediated  |b n  |2 rdamedia 
338 |a volume  |b nc  |2 rdacarrier 
500 |a Spine title: Informatics 5. 
504 |a Includes bibliographical references. 
650 0 |a Semantics  |x Data processing  |x Congresses. 
650 0 |a Artificial intelligence  |v Congresses. 
650 0 |a Information storage and retrieval systems  |v Congresses. 
700 1 |a MacCafferty, Maxine. 
700 1 |a Gray, Kathleen. 
710 2 |a Aslib.  |b Informatics Group. 
710 2 |a British Computer Society.  |b Information Retrieval Specialist Group. 
740 0 |a Informatics 5. 
999 |a MARS 
999 f f |s d0f73385-ddfa-3525-b836-8938de2a335d  |i b94d307a-9d6e-3a20-b05c-4be11534079b  |t 0 
952 f f |p ric  |a Texas A&M University  |b Rellis Campus  |c Joint Library Facility  |s JLF  |d Remote Storage  |t 0  |e P325.5.D38 A5  |h Library of Congress classification  |i unmediated -- volume  |m A14806172535 
998 f f |a P325.5.D38 A5  |t 0  |l Remote Storage